Jenni Vartiaisen kappaleita lyriikoiden mukaan - Statistics

Yleistilastot
  • Tätä visaa on pelattu 65 kertaa
  • Keskiarvotulos 6 / 15
Vastaustilastot
Sanat Kappale % Oikein
Yöllä taas mä menin parvekkeelle nukkumaan, Jotta lähempänä mua ois hän Pediltäni taivas näkyy, ryhdyin oottamaan, Että näen tähden lentävän Missä muruseni on
91%
Kun me tavattiin oli mukavaa Arvoituksia meidän kasvoilla ja kun Annankadun kaksioon muutettiin Tehtiin juttuja pariskuntana Nettiin
81%
Ihmiset kuin mantraa Sitä toistelee, Entäs jos sen voima Niin vain vähenee? Minä sinua vaan
61%
Oon kuullut rakkaus on sodan kaltainen ja kaikki keinot sallitaan melskeissä sen Hei onko totta vai jonkun keksimää et päättyä se voi ja arvet siitä jää Eden
59%
Kun maailma sulkee oviaan Suljen sut mun syliin, kannan kaiken yli Lanka
50%
Jos mä täyteen paan Juotko kokonaan Malja
48%
Kivikirkot ja rautaportit ja kasvot sotilaan Joka palatsin eessä vartioi valtiastaan Junat ja naiset
46%
Sitten kun oon viimeisen lauluni laulanut Työni tehnyt, lapsenikin kasvattanut Mina ja hän
39%
En oo yrittänyt tarpeeks etkä sä Oo tehnyt yhtään sen enempää Mut nyt en haluu tuntee lainkaan häpeää Kun aion kaikki keinot käyttää Turvasana
28%
Mikä vaan syli Laastari hänen kokoaa Mun on päästävä yli Ja nyt sä pyydät mukaan Made in heaven
26%
Autossa yksinään Istun on hämärää Vaik silmät kiinni osaisin tuon sillan ylittää Talo on paikoillaan Väärään suuntaan
20%
En voi takaisin kulkee Näitä meidän askelia Enkä mitenkään muistaa Missä käännyttiin polulla Labyrintti
7%
Jäkäjäkä jäkäjäkä jäkäjäkä Jäkäjäkä jäkäjäkä jäkäjäkä Jäkäjäkä jäkäjäkä jäkäjäkä Monologi
4%
Juhlan jälkeen tyhjä pää enkä voi käsittää etten eilen voinut elää ilman sinua Tunnoton
4%
Oon ollut etsimässä lempee about miljoona kertaa ja alkaa tuntuu että tää on tässä nyt eikä koskaan Tyttövuodet
4%
Ehtoja vastaavia visoja ei löytynyt
Tulosjakauma
Jokaisen tuloksen saaneiden osuus
Persentiili vastausten määrän mukaan
Tuloshistoriasi
Et ole pelannut tätä visaa